Match the UK Railway Station Names - Statistics

General Stats
  • This quiz has been taken 249 times
    207 since last reset
  • The average score is 16 of 22
Answer Stats
Hint Answer % Correct
London King's Cross
95%
Clapham / Llandudno / Watford Junction
93%
Bristol Temple Meads
92%
Liverpool Lime Street
91%
Birmingham New Street
91%
Manchester Piccadilly
91%
Edinburgh Waverley
88%
Bath Spa
87%
Exeter St David's
83%
Warrington Bank Quay
72%
Wrexham General
72%
Cardiff / Glasgow Queen Street
72%
Wakefield Westgate
72%
Bradford Forster Square
70%
Ryde Pier Head
70%
Hull Paragon Interchange
63%
Derby / Sheffield / Bedford Midland
59%
Pontefract Monkhill
57%
Newark-on-Trent Northgate
57%
Falkirk Grahamston
55%
Belfast Grand Central
53%
St Leonards-on-Sea Warrior Square
49%
No matching quizzes found
Score Distribution
Percent of People with Each Score
Percentile by Number Answered
Your Score History
You have not taken this quiz since the last reset